| Tag |
First Indicator |
Second Indicator |
Subfields |
| LEADER |
00000cam a2200000K 4500 |
| 001 |
in00001617921 |
| 005 |
20151023060920.0 |
| 008 |
980721s1961 is 100 0 eng d |
| 035 |
|
|
|a (OCoLC)ocm39520896
|
| 040 |
|
|
|a NYP
|c NYP
|d DNZ
|d TXA
|d UtOrBLW
|
| 049 |
|
|
|a TXAM
|
| 090 |
|
|
|a QA251
|b .I6 1960
|
| 110 |
2 |
|
|a International Mathematical Union.
|
| 245 |
1 |
0 |
|a Proceedings of the International Symposium on linear spaces, held at the Hebrew University of Jerusalem, July 5-12, 1960.
|
| 246 |
3 |
0 |
|a International symposium on linear spaces
|
| 264 |
|
1 |
|a Jerusalem :
|b Jerusalem Academic Press;
|a New York :
|b Pergamon Press,
|c 1961.
|
| 300 |
|
|
|a xi, 452 pages ;
|c 25 cm.
|
| 336 |
|
|
|a text
|b txt
|2 rdacontent
|
| 337 |
|
|
|a unmediated
|b n
|2 rdamedia
|
| 338 |
|
|
|a volume
|b nc
|2 rdacarrier
|
| 550 |
|
|
|a A publication of the Israel Academy of Sciences and Humanities.
|
| 546 |
|
|
|a Contributions in English, Italian, French, or German.
|
| 650 |
|
4 |
|a Vector spaces.
|
| 710 |
2 |
|
|a Aḳademyah ha-leʼumit ha-Yiśreʼelit le-madaʻim.
|
| 710 |
2 |
|
|a Universiṭah ha-ʻIvrit bi-Yerushalayim.
|
| 994 |
|
|
|a E0
|b TXA
|
| 948 |
|
|
|a cataloged
|b h
|c 2001/7/18
|d c
|e bwalker
|f 1:51:41 pm
|
| 999 |
|
|
|a MARS
|
| 999 |
f |
f |
|s 25553fc4-2ab2-305f-bd62-8cd2de3c5903
|i 954e053c-ae49-32ad-a910-b2d9d3629b1e
|t 0
|
| 952 |
f |
f |
|p ric
|a Texas A&M University
|b Rellis Campus
|c Joint Library Facility
|d Remote Storage
|t 0
|e QA251 .I6 1960
|h Library of Congress classification
|i unmediated -- volume
|m A14827827797
|
| 998 |
f |
f |
|a QA251 .I6 1960
|t 0
|l Remote Storage
|